000 00279nam a2200109Ia 4500
008 210107s9999 xx 000 0 und d
100 _a(The) United Kingdom Hydrographic Office
245 0 _aAdmiralty Tide Tables 2007
260 _aLondon
_bHMSO
490 _vVol. 2
942 _cBK
999 _c11403
_d11403